Practical data modelling for database design
Saved in:
| Main Author: | |
|---|---|
| Other Authors: | |
| Format: | Book |
| Published: |
New York
John Wiley & Sons
1996
|
| Tags: |
Add Tag
No Tags, Be the first to tag this record!
|
| Call Number : | QA 76.9.S88 D67 1996 |
MARC
| LEADER | 00000pam a2200000 4500 | ||
|---|---|---|---|
| 001 | 14398 | ||
| 003 | MY-KLNDU | ||
| 005 | 20241218060050.0 | ||
| 020 | 0 | 0 | |a 0471337900 |
| 035 | |a 0000006718 | ||
| 039 | 9 | |y 200910081623 |z VLOAD | |
| 090 | 0 | 0 | |a QA 76.9.S88 |b D67 1996 |
| 100 | 0 | 0 | |a Renzo |h D'Orazio |
| 245 | 1 | 0 | |a Practical data modelling for database design |c D'Orazio Renzo E, Gunter Happel |
| 260 | 0 | 0 | |a New York |b John Wiley & Sons |c 1996 |
| 300 | |a xii,248p. |b ill. |c 24cm | ||
| 500 | 0 | 0 | |a Includes index |
| 700 | 1 | 1 | |a Happel |h Gunter |
| 999 | |a vtls000014344 |c 14398 |d 14398 | ||


